Estadísticas para Los países en la peninsula Indochina

Haz click aquí para intentar la prueba.

Estadísticas generales

  • Esta prueba ha sido intentada 2.160 veces
  • La puntuación promedio es 6 de 6

Estadísticas de respuestas

País% Correcto
Vietnam
98%
Laos
97%
Camboya
94%
Tailandia
94%
Birmania
92%
Malasia
86%

Distribución de puntuación

Porcentaje por número respondido

Porcentaje de gente con cada puntuación

Historial de tus puntuaciones

No has intentado esta prueba.